000 01160nam a22003737a 4500
001 BR0600783
003 BR-BrBNA
005 20230928102100.0
007 ta
008 230509b bl.||||| |||| 00| 0 por d
040 _aBR-BrBNA
_bpor
_cBiblioteca Nacional de Agricultura
041 _a(Por)
072 _aQ55; Q54; L51
_b5200
_b1850
090 _ 5200 BR0600783
100 1 _aCampos, W.E.
110 1 _aUniversidade Federal de Minas Gerais, Belo Horizonte (Brasil). Escola de Veterinária
_0Tese (Doutor em Ciência Animal)
245 1 _aAvaliação do resíduo industrial de tomate na alimentação de ruminantes
260 3 _aBelo Horizonte, MG (Brasil):
_c2005.
300 _a81 p.
500 _aSummaries (Eng, Por); Several bibliography; 38 tables
650 _aRUMINANTE
650 _aTOMATE
650 _aRAÇÃO
650 _aRESÍDUO INDUSTRIAL
650 _aSUBPRODUTO
650 _aALIMENTO PARA ANIMAL
650 _aENSILAGEM
650 _aNUTRIÇÃO ANIMAL
650 _aFISIOLOGIA NUTRICIONAL
650 _aVALOR NUTRITIVO
650 _aANÁLISE DE ALIMENTO
909 _a202309
_bLucia
_c55
_dLucia Elande
942 _cBK
999 _c69054
_d69054